000 00648nam a2200181Ia 4500
003 GCL
008 140319s9999 xx 000 0 ara d
040 _aGCL /
_cGCL
082 0 4 _a953
_bأ د
100 1 _aالسيد خالد المطرى
245 1 0 _aدراسات فى مدن العالم الاسلامى /
_cالسيد خالد المطرى
260 _aبيروت :
_bدار النهضة العربية للطباعة والنشر ،
_c1989
300 _a712 ص ؛
_c24 سم
490 _aمعهد البحوث والدراسات العربية
_v0
650 0 4 _aالمدن
650 0 4 _aالعالم الاسلامى
942 _2ddc
_cBK
999 _c39064
_d39064